Landesentwicklung und Umweltschutz im Donauraum
Guardado en:
| Otros Autores: | |
|---|---|
| Formato: | Libro |
| Lenguaje: | alemán |
| Publicado: |
München
Südosteuropa-Gesellschaft
1989
|
| Edición: | 1. Aufl. |
| Colección: | Südosteuropa Aktuell
6 |
| Materias: | |
| Etiquetas: |
Sin Etiquetas, Sea el primero en etiquetar este registro!
|
MARC
| LEADER | 00000nam a2200000 4500 | ||
|---|---|---|---|
| 001 | c016013 | ||
| 005 | 20221206131419.9 | ||
| 020 | |a 3-925450-11-4 | ||
| 041 | 0 | |a ger | |
| 044 | |a DE | ||
| 245 | 1 | 0 | |a Landesentwicklung und Umweltschutz im Donauraum |c Edit. Karl Ruppert |
| 250 | |a 1. Aufl. | ||
| 264 | 1 | |a München |b Südosteuropa-Gesellschaft |c 1989 | |
| 300 | |a 138 s. | ||
| 490 | 1 | |a Südosteuropa Aktuell |v 6 | |
| 830 | 0 | |a Südosteuropa Aktuell |v 6 | |
| 610 | 2 | 0 | |a osídľovanie |
| 610 | 2 | 0 | |a obyvateľstvo |
| 610 | 2 | 0 | |a poľnohospodárstvo |
| 610 | 2 | 0 | |a rozvoj regionálny |
| 610 | 2 | 0 | |a rozvoj sociálno-ekonomický |
| 610 | 2 | 0 | |a situácia hospodárska |
| 610 | 2 | 0 | |a ochrana prostredia životného |
| 610 | 2 | 0 | |a Dunaj |
| 700 | 1 | |a Ruppert, Karl | |